[Event "ARG-ch U2300"]
[Site "Tacuari"]
[Date "2018.11.17"]
[Round "2"]
[White "Santucho, Jorge Mario"]
[Black "Codigone, Maximiliano"]
[Result "0-1"]
[WhiteElo "1945"]
[BlackElo "2101"]
[PlyCount "62"]
[EventDate "2018.11.16"]
[EventType "swiss"]
[EventRounds "7"]
[EventCountry "ARG"]
[SourceTitle "EXT 2020"]
[Source "ChessBase"]
[SourceDate "2019.10.17"]
[SourceVersion "1"]
[SourceVersionDate "2019.10.17"]
[SourceQuality "1"]

1. e4 c5 2. Nf3 e6 3. d4 cxd4 4. Nxd4 Nc6 5. Nb5 d6 6. c4 Nf6 7. N1c3 a6 8. Na3 Be7 9. Be2 0-0 10. 0-0 b6 11. Be3 Bb7 12. Rc1 Rc8 13. Qb3 Nd7 14. Rfd1 Qc7 15. Qc2 Qb8 16. Qd2 Nc5 17. f3 Bd8 18. Nc2 Bc7 19. Bf4 Ne5 20. Ne3 d5 21. exd5 Nxf3+ 22. Bxf3 Bxf4 23. g3 Bh6 24. Qf2 Nd7 25. b3 b5 26. Rb1 Qe5 27. Ne4 Bxe3 28. Qxe3 exd5 29. cxd5 f5 30. Qa7 fxe4 31. Qxb7 Nc5 0-1

[Event "Judewicz Memorial U2200 sf 5th"]
[Site "Mar del Plata"]
[Date "2018.09.22"]
[Round "3.3"]
[White "Codigone, Maximiliano"]
[Black "Sommariva, Rene"]
[Result "1-0"]
[WhiteElo "2092"]
[BlackElo "1943"]
[PlyCount "51"]
[EventDate "2018.09.21"]
[EventType "swiss"]
[EventRounds "7"]
[EventCountry "ARG"]
[SourceTitle "EXT 2024"]
[Source "ChessBase"]
[SourceDate "2023.10.10"]
[SourceVersion "1"]
[SourceVersionDate "2023.10.10"]
[SourceQuality "1"]

1. e4 e5 2. Nf3 Nc6 3. Nc3 Nf6 4. a3 Be7 5. d4 d6 6. dxe5 dxe5 7. Qxd8+ Bxd8 8. Bb5 Bd7 9. Bg5 Nd4 10. Nxd4 exd4 11. Bxf6 Bxf6 12. Bxd7+ Kxd7 13. Nd5 Bd8 14. 0-0-0 c6 15. Ne3 c5 16. c3 Rc8 17. Kb1 Bb6 18. Nc4 Rhe8 19. cxd4 Kc6 20. d5+ Kd7 21. e5 Bc7 22. f4 b5 23. Nd2 c4 24. Ne4 Rb8 25. Nc5+ Kc8 26. d6 1-0

[Event "Judewicz Memorial U2200 sf 5th"]
[Site "Mar del Plata"]
[Date "2018.09.22"]
[Round "5.3"]
[White "Codigone, Maximiliano"]
[Black "Zarlenga, Marcelo"]
[Result "1-0"]
[WhiteElo "2092"]
[BlackElo "1999"]
[PlyCount "71"]
[EventDate "2018.09.21"]
[EventType "swiss"]
[EventRounds "7"]
[EventCountry "ARG"]
[SourceTitle "EXT 2024"]
[Source "ChessBase"]
[SourceDate "2023.10.10"]
[SourceVersion "1"]
[SourceVersionDate "2023.10.10"]
[SourceQuality "1"]

1. e4 c5 2. c3 Qc7 3. Nf3 d6 4. d4 Nd7 5. Bd3 c4 6. Bc2 e5 7. 0-0 Ngf6 8. Nh4 a6 9. b3 Be7 10. Nf3 b5 11. Re1 Bb7 12. Ba3 Nb6 13. Nbd2 0-0 14. bxc4 bxc4 15. Nf1 Rfe8 16. Qd2 Rad8 17. Ng3 Bf8 18. h4 h5 19. Rad1 Nbd7 20. Rb1 Nb6 21. Bb4 Nbd7 22. a4 a5 23. Bxa5 Qxa5 24. Rxb7 Rb8 25. Reb1 Rxb7 26. Rxb7 Rb8 27. Rxb8 Nxb8 28. Ne2 Nbd7 29. Qc1 Nb6 30. Qb2 Be7 31. Qb4 Qxb4 32. cxb4 Nfd7 33. a5 Nc8 34. Ba4 Nb8 35. dxe5 dxe5 36. Nxe5 1-0

[Event "Judewicz Memorial U2200 sf 5th"]
[Site "Mar del Plata"]
[Date "2018.09.22"]
[Round "4.3"]
[White "Torella, Rodolfo"]
[Black "Codigone, Maximiliano"]
[Result "1/2-1/2"]
[WhiteElo "2019"]
[BlackElo "2092"]
[PlyCount "118"]
[EventDate "2018.09.21"]
[EventType "swiss"]
[EventRounds "7"]
[EventCountry "ARG"]
[SourceTitle "EXT 2024"]
[Source "ChessBase"]
[SourceDate "2023.10.10"]
[SourceVersion "1"]
[SourceVersionDate "2023.10.10"]
[SourceQuality "1"]

1. e4 c5 2. Nf3 e6 3. d4 cxd4 4. Nxd4 Nc6 5. Nxc6 bxc6 6. Bd3 d5 7. 0-0 Nf6 8. Nd2 Be7 9. b3 0-0 10. Bb2 a5 11. a4 Ba6 12. Bxa6 Rxa6 13. Qe2 Rb6 14. Bd4 Rb4 15. Bc3 Rb8 16. Rfe1 Bb4 17. Qf3 Bxc3 18. Qxc3 Qb6 19. e5 Nd7 20. Rad1 Qc5 21. Qxc5 Nxc5 22. Nf3 Ne4 23. Nd4 Rfc8 24. f3 Nc3 25. Rd3 Na2 26. Ra1 Nb4 27. Rc3 c5 28. Nb5 d4 29. Rc4 Nd5 30. Na7 Rc7 31. Nb5 Rcc8 32. Na7 Ne3 33. Nxc8 Rxc8 34. Rb1 Kf8 35. Kf2 Ke7 36. g3 Kd7 37. Ke2 Kc6 38. Kd3 f6 39. exf6 gxf6 40. Re1 Nxc4 41. bxc4 e5 42. Rb1 f5 43. Rb5 Re8 44. Rxa5 e4+ 45. Ke2 exf3+ 46. Kxf3 Re3+ 47. Kf4 Re2 48. Kxf5 Rxc2 49. Ke4 Rxh2 50. Ra6+ Kb7 51. Rf6 Re2+ 52. Kd5 d3 53. Kxc5 d2 54. Rd6 Kc7 55. Rd3 Rg2 56. Kd4 Kc6 57. Ke3 Kc5 58. Rxd2 Rxg3+ 59. Ke4 Kxc4 1/2-1/2

[Event "ARG-chT"]
[Site "Villa Martelli"]
[Date "2018.07.28"]
[Round "4.2"]
[White "Codigone, Maximiliano"]
[Black "Ferrara, Enzo"]
[Result "1/2-1/2"]
[WhiteElo "2092"]
[BlackElo "2198"]
[PlyCount "25"]
[EventDate "2018.07.07"]
[EventType "team-swiss"]
[EventRounds "9"]
[EventCountry "ARG"]
[SourceTitle "CBM 187 Extra"]
[Source "ChessBase"]
[SourceDate "2018.11.04"]
[SourceVersion "1"]
[SourceVersionDate "2018.11.04"]
[SourceQuality "1"]
[WhiteTeam "Club Argentino"]
[BlackTeam "Tren Verde"]
[WhiteTeamCountry "ARG"]
[BlackTeamCountry "ARG"]

1. e4 e6 2. d4 d5 3. Nc3 Bb4 4. a3 Bxc3+ 5. bxc3 dxe4 6. Qg4 Nf6 7. Qxg7 Rg8 8. Qh6 Rg6 9. Qd2 c5 10. Ne2 Nc6 11. Bb2 Qb6 12. 0-0-0 Bd7 13. Nf4 1/2-1/2

[Event "Paraguay Gran Prix U2300 08"]
[Site "Paraguay"]
[Date "2013.08.26"]
[Round "7.5"]
[White "Codigone, Maximiliano"]
[Black "Chanduvi, Fidel"]
[Result "1-0"]
[WhiteElo "2100"]
[BlackElo "1970"]
[PlyCount "105"]
[EventDate "2013.08.07"]
[EventType "swiss"]
[EventRounds "9"]
[EventCountry "ARG"]
[SourceTitle "EXT 2024"]
[Source "ChessBase"]
[SourceDate "2023.10.10"]
[SourceVersion "1"]
[SourceVersionDate "2023.10.10"]
[SourceQuality "1"]

1. d3 d5 2. e3 Nf6 3. Nf3 Nc6 4. b3 e5 5. Bb2 Bd6 6. Be2 0-0 7. Nh4 d4 8. Nf3 Nd5 9. c4 Bb4+ 10. Kf1 Nf6 11. e4 Ne8 12. a3 Be7 13. b4 f6 14. Nbd2 a5 15. Qa4 Be6 16. b5 Nb8 17. h4 Nd7 18. Qc2 a4 19. g3 Nc5 20. Kg2 Qd7 21. Rhg1 Nd6 22. h5 Rad8 23. Rad1 Nf7 24. Bc1 f5 25. Nh4 Nd6 26. f3 Rf7 27. Nxf5 Nxf5 28. exf5 Bxf5 29. Ne4 Bxe4 30. fxe4 Rdf8 31. Rgf1 Rxf1 32. Rxf1 Rxf1 33. Bxf1 Qe8 34. Qe2 Qf8 35. Qg4 Qf7 36. Be2 Qe6 37. Qf3 Nb3 38. Bb2 Nd2 39. Qf2 Bg5 40. Bd1 Be3 41. Qe1 Nb3 42. Qe2 Qf7 43. Qf3 Qxf3+ 44. Kxf3 Nc5 45. Bc2 Kf7 46. Bc3 Bc1 47. Bb4 Nb3 48. c5 c6 49. b6 Kf6 50. Ke2 Kg5 51. Bxb3 axb3 52. Bd2+ Bxd2 53. Kxd2 1-0

[Event "Buenos Aires-C"]
[Site "Buenos Aires"]
[Date "2012.01.30"]
[Round "1"]
[White "Codigone, Maximiliano"]
[Black "Gimenez, Martin"]
[Result "1-0"]
[WhiteElo "2035"]
[BlackElo "2048"]
[PlyCount "72"]
[EventDate "2012.01.30"]
[EventType "tourn"]
[EventRounds "8"]
[EventCountry "ARG"]
[SourceTitle "EXT 2014"]
[Source "ChessBase"]
[SourceDate "2013.11.20"]
[SourceVersion "1"]
[SourceVersionDate "2013.11.20"]
[SourceQuality "1"]

1. e4 d5 2. exd5 Qxd5 3. Nc3 Qd6 4. g3 Nf6 5. Bg2 c6 6. Nge2 Bf5 7. d4 e6 8. 0-0 Be7 9. Bf4 Qd8 10. Re1 0-0 11. h3 Na6 12. g4 Bg6 13. Ng3 Nb4 14. Re2 Nfd5 15. Nxd5 cxd5 16. a3 Nc6 17. Qd2 Rc8 18. Rae1 Na5 19. Qd1 Nc4 20. Bc1 Bg5 21. f4 Bh4 22. Kh2 Qc7 23. Rf1 Nd6 24. c3 h5 25. Re5 hxg4 26. hxg4 Bxg3+ 27. Kxg3 Be4 28. Bxe4 Nxe4+ 29. Kg2 Qd6 30. Qf3 f6 31. Rh5 Kf7 32. f5 exf5 33. Qxf5 Ng3 34. Qxd5+ Qxd5+ 35. Rxd5 Nxf1 36. Rd7+ Kg6 1-0

[Event "Buenos Aires-D"]
[Site "Buenos Aires"]
[Date "2012.01.26"]
[Round "6"]
[White "Munoz, Francisco Javier"]
[Black "Codigone, Maximiliano"]
[Result "1/2-1/2"]
[WhiteElo "1934"]
[BlackElo "2035"]
[PlyCount "55"]
[EventDate "2012.01.23"]
[EventType "tourn"]
[EventRounds "9"]
[EventCountry "ARG"]
[SourceTitle "EXT 2014"]
[Source "ChessBase"]
[SourceDate "2013.11.20"]
[SourceVersion "1"]
[SourceVersionDate "2013.11.20"]
[SourceQuality "1"]

1. d4 Nf6 2. Nc3 d5 3. Bg5 Nbd7 4. Nf3 h6 5. Bh4 c6 6. e3 Qb6 7. Rb1 e6 8. a3 Bd6 9. Bg3 Qc7 10. Bd3 e5 11. dxe5 Nxe5 12. Nxe5 Bxe5 13. Ne2 0-0 14. 0-0 Re8 15. Bxe5 Rxe5 16. Ng3 Bg4 17. Qd2 Rae8 18. h3 Bc8 19. Qd1 Rg5 20. Qf3 Ne4 21. Bxe4 dxe4 22. Nxe4 Rxe4 23. Qxe4 Bxh3 24. g3 Bxf1 25. Kxf1 Qd7 26. c4 Rg4 27. Qc2 Rg6 28. Rd1 1/2-1/2

[Event "Latin Cup"]
[Site "Montevideo"]
[Date "2011.11.06"]
[Round "9"]
[White "Benoit, Rodrigo"]
[Black "Codigone, Maximiliano"]
[Result "0-1"]
[WhiteElo "101"]
[BlackElo "2033"]
[PlyCount "43"]
[EventDate "2011.11.01"]
[EventType "swiss"]
[EventRounds "9"]
[EventCountry "URU"]
[SourceTitle "EXT 2012"]
[Source "ChessBase"]
[SourceDate "2011.11.24"]
[SourceVersion "1"]
[SourceVersionDate "2011.11.24"]
[SourceQuality "1"]

1. d4 Nf6 2. c4 g6 3. Nc3 d5 4. cxd5 Nxd5 5. e4 Nxc3 6. bxc3 Bg7 7. Bc4 c5 8. Ne2 Nc6 9. d5 Ne5 10. Bb3 0-0 11. f4 c4 12. Bc2 Nd7 13. 0-0 b5 14. a4 b4 15. cxb4 Bxa1 16. Be3 Bg7 17. e5 Bb7 18. a5 Nxe5 19. fxe5 Qxd5 20. Qxd5 Bxd5 21. Bd1 e6 22. Bd4 0-1

[Event "Latin Cup"]
[Site "Montevideo"]
[Date "2011.11.02"]
[Round "2"]
[White "Codigone, Maximiliano"]
[Black "Hernandez Riera, Jose de Jesus"]
[Result "1/2-1/2"]
[WhiteElo "2033"]
[BlackElo "2225"]
[PlyCount "140"]
[EventDate "2011.11.01"]
[EventType "swiss"]
[EventRounds "9"]
[EventCountry "URU"]
[SourceTitle "EXT 2012"]
[Source "ChessBase"]
[SourceDate "2011.11.24"]
[SourceVersion "1"]
[SourceVersionDate "2011.11.24"]
[SourceQuality "1"]

1. e4 e6 2. d4 d5 3. Nd2 dxe4 4. Nxe4 Bd7 5. Nf3 Bc6 6. Bd3 Nd7 7. 0-0 Be7 8. Re1 Ngf6 9. Ng3 0-0 10. Ne5 Nxe5 11. dxe5 Qd5 12. Bf1 Qxd1 13. Rxd1 Ng4 14. Re1 Bc5 15. Nh1 f6 16. Bc4 Rae8 17. exf6 Rxf6 18. Bg5 Bxf2+ 19. Nxf2 Rxf2 20. Re2 Rxe2 21. Bxe2 Nf6 22. Bd3 h6 23. Bh4 e5 24. Rf1 e4 25. Bc4+ Bd5 26. Rxf6 Bxc4 27. Rf5 e3 28. b3 Bf7 29. Kf1 g5 30. Bg3 Bh5 31. Bxc7 e2+ 32. Ke1 Rc8 33. Ba5 Rxc2 34. Kf2 e1Q+ 35. Kxe1 Rxg2 36. Rf2 Rg4 37. Bc7 Rd4 38. Rd2 Re4+ 39. Kf1 Re7 40. Bd6 Rf7+ 41. Ke1 Bf3 42. Bb8 a6 43. Rd8+ Kh7 44. Bd6 g4 45. Kf2 Rf6 46. Kg3 Re6 47. Bf4 Re2 48. Rd2 Re6 49. Rd6 Re2 50. Rd2 Re4 51. Rd7+ Kg6 52. Rd6+ Kf5 53. Bxh6 Re1 54. Rd2 Re6 55. Bf8 Re8 56. Bd6 Re1 57. Kf2 Rh1 58. Ke3 Ke6 59. Bg3 Bd5 60. Re2 Kf5 61. Rf2+ Bf3 62. Rd2 Rc1 63. Kd4 b5 64. Bd6 a5 65. Bg3 Re1 66. Kc3 a4 67. bxa4 bxa4 68. a3 Be4 69. Bd6 Re3+ 70. Kb4 Bc6 1/2-1/2

[Event "Buenos Aires Bolivar op 4th"]
[Site "Buenos Aires"]
[Date "2011.06.17"]
[Round "5"]
[White "Codigone, Maximiliano"]
[Black "Araoz, Claudio Alberto"]
[Result "1/2-1/2"]
[WhiteElo "2029"]
[BlackElo "1872"]
[PlyCount "46"]
[EventDate "2011.06.13"]
[EventType "swiss"]
[EventRounds "9"]
[EventCountry "ARG"]
[SourceTitle "EXT 2014"]
[Source "ChessBase"]
[SourceDate "2013.11.20"]
[SourceVersion "1"]
[SourceVersionDate "2013.11.20"]
[SourceQuality "1"]

1. e4 d6 2. d4 Nf6 3. Nc3 g6 4. Be3 c6 5. Qd2 b5 6. Bd3 Nbd7 7. Bh6 Bxh6 8. Qxh6 e5 9. Nf3 Ng8 10. Qg7 Qf6 11. Qxf6 Ngxf6 12. d5 b4 13. dxc6 bxc3 14. cxd7+ Bxd7 15. bxc3 0-0 16. 0-0 Rfc8 17. c4 Bc6 18. Nd2 Nd7 19. f4 a5 20. a4 Nc5 21. fxe5 dxe5 22. Ra3 Ra7 23. Re1 Bxa4 1/2-1/2

[Event "Villa Martelli op"]
[Site "Villa Martelli"]
[Date "2010.08.04"]
[Round "1"]
[White "Codigone, Maximiliano"]
[Black "Restuccia, Francisco"]
[Result "0-1"]
[WhiteElo "1959"]
[BlackElo "2164"]
[PlyCount "58"]
[EventDate "2010.08.04"]
[EventType "swiss"]
[EventRounds "9"]
[EventCountry "ARG"]
[SourceTitle "CBM 137 Extra"]
[Source "ChessBase"]
[SourceDate "2010.09.01"]
[SourceVersion "1"]
[SourceVersionDate "2010.09.01"]
[SourceQuality "1"]

1. e4 Nf6 2. e5 Nd5 3. d4 d6 4. c4 Nb6 5. f4 g6 6. Nf3 Bg7 7. Be3 dxe5 8. fxe5 0-0 9. Qd2 c5 10. d5 Bg4 11. Bh6 e6 12. Bg5 f6 13. exf6 Bxf6 14. dxe6 Nc6 15. Qxd8 Raxd8 16. Bxf6 Rxf6 17. Nbd2 Rxe6+ 18. Kf2 Na4 19. a3 Nxb2 20. Rb1 Nd3+ 21. Bxd3 Rxd3 22. Rb2 Nd4 23. Rxb7 Re2+ 24. Kg3 Rexd2 25. Kxg4 Rxg2+ 26. Kh3 Rf2 27. Rbb1 Rdxf3+ 28. Kg4 Rg2+ 29. Kh4 Nf5# 0-1